| 000 | 05871namaa22004451i 4500 | ||
|---|---|---|---|
| 003 | EG-GICUC | ||
| 005 | 20260416163511.0 | ||
| 008 | 260416s2025 ua a|||frm||| 000 0 eng d | ||
| 040 |
_aEG-GICUC _beng _cEG-GICUC _dEG-GICUC _erda |
||
| 041 | 0 |
_aeng _beng _bara |
|
| 049 | _aDeposit | ||
| 082 | 0 | 4 | _a615.1 |
| 092 |
_a615.1 _221 |
||
| 097 | _aPh.D | ||
| 099 | _aCai01.08.08.Ph.D.2025.Ay.O | ||
| 100 | 0 |
_aAya Hussein Sayed Metwally, _epreparation. |
|
| 245 | 1 | 0 |
_aOptimization of vesicular systems containing an antioxidant drug for the management of eye diseases / _cby Aya Hussein Sayed Metwally ; Supervision Prof. Dr. Rehab Nabil Shamma, Prof. Nihal Farid Ahmed Ahmed Younes, Prof. Maha Osama El-Kayal. |
| 246 | 1 | 5 | _aتحضير الأنظمة الحويصلية تحتوي على أدوية المضادة للأكسدة لعلاج أمراض العيون |
| 264 | 0 | _c2025. | |
| 300 |
_a131+39 pages(multi-number) : _billustrations ; _c25 cm. + _eCD. |
||
| 336 |
_atext _2rda content |
||
| 337 |
_aUnmediated _2rdamedia |
||
| 338 |
_avolume _2rdacarrier |
||
| 502 | _aThesis (Ph.D)-Cairo University, 2025. | ||
| 504 | _aBibliography: pages 1-39. | ||
| 520 | 3 | _aBaicalin (BA), a flavonoid derived from the roots of Scutellaria baicalensis, is increasingly recognized for its potent anti-inflammatory, antioxidant, and immunomodulatory activities, making it a promising candidate for the management of various inflammatory diseases. In ophthalmology, BA has demonstrated efficacy in treating conditions such as conjunctivitis, keratitis, cataract, and retinal disorders, including macular edema and branch retinal vein occlusion, primarily by reducing inflammation, oxidative stress, and regulating vascular endothelial growth factor (VEGF) expression to preserve retinal structure and function. Furthermore, BA has shown the ability to lower intraocular pressure and enhance aqueous outflow, suggesting potential benefits in glaucoma management. Despite these therapeutic advantages, the clinical application of BA is hindered by its poor water solubility (67.03 ± 1.60 μg/mL). To overcome these challenges, novel drug delivery systems such as solid lipid nanoparticle (SLNs), cyclodextrin inclusion complexes, in-situ gel and surfactant-based ocular preparations have been developed, which improve the solubility of BA, its corneal permeability, and ocular bioavailability. | |
| 520 | 3 | _aيُعد BA وهو أحد مركبات الفلافونويد المُستخلصة من جذور نبات Scutellariabaicalensis، من المركبات التي حظيت باهتمام متزايد نظرًا لنشاطه القوي كمضاد للالتهابات ومضاد للأكسدة بالإضافة إلى تأثيراته المناعية المُعدِّلة، مما يجعله مرشحًا واعدًا لإدارة العديد من الأمراض الالتهابية وأمراض العيون. وفي مجال طب العيون، أثبت BA فاعليته في علاج العديد من الحالات مثل التهاب الملتحمة، والتهاب القرنية، وإعتام عدسة العين (الساد)، وبعض اضطرابات الشبكية بما في ذلك الوذمة البُقعية وانسداد الوريد الشبكي الفرعي، وذلك بشكل رئيسي من خلال تقليل الالتهاب والإجهاد التأكسدي وتنظيم التعبير الجيني لعامل نمو بطانة الأوعية الدموية (VEGF)، بهدف الحفاظ على التركيب البنيوي والوظيفي للشبكية. كما أظهرت الدراسات قدرة BA على خفض ضغط العين الداخلي وزيادة تدفّق الخلط المائي، الأمر الذي يُشير إلى إمكانية الاستفادة منه في علاج الجلوكوما (المياه الزرقاء). ورغم هذه المزايا العلاجية الواعدة، إلا أنّ التطبيق السريري للBA ما زال يواجه عقبة أساسية تتمثل في ضعـف ذوبانيته في الماء (67.03 ± 1.60 μg/ml). ولتخطّي هذه العقبة، تم تطوير نظم توصيل دوائي مبتكرة مثل الجسيمات الدهنية الصلبة (SLNs) ، ومُعقّدات الاحتواء مع السيكلودكسترين، والمستحضرات الهلامية المتكوّنة موضعيًا (in situ gel) ، والمستحضرات العينية المعتمدة على المواد الخافضة للتوتر السطحي، والتي ساهمت جميعها في تحسين ذوبانية عقارال BA ونفاذيته عبر القرنية وتوافره الحيوي داخل العين. وبناءً على ذلك، تهدف هذه الرسالة إلى تطوير نظم توصيل دوائي مُطوّلة المفعول للBA، بهدف زيادة مدة بقائه على القرنية وتحسين التزام المريض بالعلاج | |
| 530 | _aIssues also as CD. | ||
| 546 | _aText in English and abstract in Arabic & English. | ||
| 650 | 0 | _aPharmaceutics | |
| 650 | 0 | _aالصيلانيات | |
| 653 | 1 |
_aGlaucoma _aCataract _aBaicalin _aNano spray dryer _ain situ gel _aIntra ocular pressure _aPharmacodynamics _aTrehalosomes _aD-optimal design _aSlit lamp examination _aبايكالين _aجلوكوما |
|
| 700 | 0 |
_aRehab Nabil Shamma _ethesis advisor. |
|
| 700 | 0 |
_aNihal Farid Ahmed Ahmed Younes _ethesis advisor. |
|
| 700 | 0 |
_aMaha Osama El-Kayal _ethesis advisor. |
|
| 900 |
_b01-01-2025 _cRehab Nabil Shamma _cNihal Farid Ahmed Ahmed Younes _cMaha Osama El-Kayal _UCairo University _FFaculty of Pharmacy _DDepartment of Pharmaceutics and Industrial Pharmacy |
||
| 905 | _aShimaa | ||
| 942 |
_2ddc _cTH _e21 _n0 |
||
| 999 | _c179535 | ||